| 000 | 03384cam a22007934i 4500 | ||
|---|---|---|---|
| 003 | PE-LiUPU | ||
| 005 | 20251016174839.0 | ||
| 008 | 150616s r 000 0 d | ||
| 020 | _a0913573086 | ||
| 035 | _a(Sirsi) i9780913573082 | ||
| 040 |
_aPE-LiUPU _bspa _cPE-LiUPU _erda |
||
| 049 | _aPRUA | ||
| 082 | 0 | 4 |
_a291.64942 _bH39 _221 |
| 082 | 0 | 4 |
_a230.7 _bW513w _223 |
| 100 | 1 |
_aWesley, John, _d1703-1791, _eautor. _97240 |
|
| 245 | 1 | 4 |
_aThe Works of John Wesley / _cJohn Wesley. |
| 264 | 1 |
_aMassachusetts : _bHendrickson Publishers, Inc., _c1960. |
|
| 300 |
_a14 volúmenes ; _c21 centímetros |
||
| 336 |
_atext _2rdacontent |
||
| 337 |
_aunmediated _2rdamedia |
||
| 338 |
_avolume _2rdacarrier |
||
| 505 | _tVolume 1: | ||
| 505 | _tVolume 2: | ||
| 505 | _tVolume 3: | ||
| 505 | _tVolume 4: | ||
| 505 | _tVolume 5: | ||
| 505 | _tVolume 6: | ||
| 505 | _tVolume 7: | ||
| 505 | _tVolume 8: | ||
| 505 | _tVolume 9: | ||
| 505 | _tVolume 10: | ||
| 505 | _tVolume 11: | ||
| 505 | _tVolume 12: | ||
| 505 | _tVolume 13: | ||
| 505 | _tVolume 14: | ||
| 520 | _aRecopilación de los principales escritos teológicos, pastorales y espirituales de John Wesley, fundador del metodismo, incluyendo sermones, cartas y tratados doctrinales. | ||
| 526 | _aSEG44 | ||
| 526 | _aSEG26 | ||
| 526 | _aP151 | ||
| 526 | _aP150 | ||
| 526 | _aP149 | ||
| 526 | _aP146 | ||
| 526 | _aP145 | ||
| 526 | _aP126 | ||
| 526 | _aP125 | ||
| 526 | _aP92 | ||
| 526 | _aP75 | ||
| 526 | _aP74 | ||
| 526 | _aP27 | ||
| 526 | _aP15 | ||
| 600 | 1 |
_aWesley, John, _d1703-1791 _vObras completas. |
|
| 650 | 2 | 4 |
_aMetodismo _xDoctrinas. _97238 |
| 650 | 2 | 4 |
_aTeología cristiana _95887 _ySiglo XVIII _zInglaterra. |
| 650 | 2 | 4 |
_aMetodistas _xEnseñanzas. _97239 |
| 910 | _ajck | ||
| 942 |
_2ddc _cBK |
||
| 949 |
_aRC 291.64942 H39 1 _wDEWEY _c1 _i23277 _lCCODEBUL1 _mBUL _r0 _sY _tBOOK _u2015-6-16 _xTEOLOGIA _zUNKNOWN _0COMPRA _o.STAFF. Colección General |
||
| 949 |
_aRC 291.64942 H39 10 _wDEWEY _c1 _i23286 _lCCODEBUL1 _mBUL _r0 _sY _tBOOK _u2015-6-16 _xTEOLOGIA _zUNKNOWN _0COMPRA _o.STAFF. Colección General |
||
| 949 |
_aRC 291.64942 H39 2 _wDEWEY _c1 _i23278 _lCCODEBUL1 _mBUL _r0 _sY _tBOOK _u2015-6-16 _xTEOLOGIA _zUNKNOWN _0COMPRA _o.STAFF. Colección General |
||
| 949 |
_aRC 291.64942 H39 3 _wDEWEY _c1 _i23279 _lCCODEBUL1 _mBUL _r0 _sY _tBOOK _u2015-6-16 _xTEOLOGIA _zUNKNOWN _0COMPRA _o.STAFF. Colección General |
||
| 949 |
_aRC 291.64942 H39 4 _wDEWEY _c1 _i23280 _lCCODEBUL1 _mBUL _r0 _sY _tBOOK _u2015-6-16 _xTEOLOGIA _zUNKNOWN _0COMPRA _o.STAFF. Colección General |
||
| 949 |
_aRC 291.64942 H39 5 _wDEWEY _c1 _i23281 _lCCODEBUL1 _mBUL _r0 _sY _tBOOK _u2015-6-16 _xTEOLOGIA _zUNKNOWN _0COMPRA _o.STAFF. Colección General |
||
| 949 |
_aRC 291.64942 H39 6 _wDEWEY _c1 _i23282 _lCCODEBUL1 _mBUL _r0 _sY _tBOOK _u2015-6-16 _xTEOLOGIA _zUNKNOWN _0COMPRA _o.STAFF. Colección General |
||
| 949 |
_aRC 291.64942 H39 8 _wDEWEY _c1 _i23284 _lCCODEBUL1 _mBUL _r0 _sY _tBOOK _u2015-6-16 _xTEOLOGIA _zUNKNOWN _0COMPRA _o.STAFF. Colección General |
||
| 949 |
_aRC 291.64942 H39 9 _wDEWEY _c1 _i23285 _lCCODEBUL1 _mBUL _r0 _sY _tBOOK _u2015-6-16 _xTEOLOGIA _zUNKNOWN _0COMPRA _o.STAFF. Colección General |
||
| 949 |
_aRC 291.65942 H39 7 _wDEWEY _c1 _i23283 _lCCODEBUL1 _mBUL _r0 _sY _tBOOK _u2015-6-16 _xTEOLOGIA _zUNKNOWN _0COMPRA _o.STAFF. Colección General |
||
| 980 |
_818226 _gJaime Vilcazán Jefe de Análisis Documental |
||
| 999 |
_c57297 _d57297 |
||